Matrimonio cristiano y divorcio civil

Guardat en:
Dades bibliogràfiques
Autor principal: Hamilton Depassier, Carlos (autor)
Format: Llibre
Idioma:espanyol
Publicat: Santiago Splendor 1935
Matèries:
Etiquetes: Afegir etiqueta
Sense etiquetes, Sigues el primer a etiquetar aquest registre!

MARC

LEADER 00000nam a2200000 a 4500
001 UCL3977
003 CL-VaPUC
008 031219e19350000CL |||||||||||||||||spa|d
082 0 4 |a 262.9  |b HAM  |2 21 
100 |a Hamilton Depassier, Carlos  |e autor  |9 584835 
245 1 0 |a Matrimonio cristiano y divorcio civil 
300 |a 153 p 
942 |c BK 
945 |d 20031219 00:00:00  |a vberengu 
260 |a Santiago  |b Splendor  |c 1935 
650 7 |a DERECHO CANONICO  |2 CL-VaPUC  |9 481421 
650 0 |a Derecho civil  |9 255013 
650 0 |a Derecho eclesiástico  |9 255055 
650 7 |a MATRIMONIO  |2 CL-VaPUC  |9 481422 
650 0 |a Divorcio  |9 256204 
583 |a last modification  |c 20031219 00:00:00  |k Rodrigo Vera 
999 |c 306941  |d 306939 
952 |0 0  |1 0  |4 0  |6 262_900000000000000_HAM_1935  |7 0  |8 P  |9 372385  |a BIBTEO  |b BIBTES  |c TEO_FTES  |d 2019-11-21  |i 2098539  |o 262.9 HAM 1935  |p 2098539  |r 2024-01-18  |w 2019-11-21  |y BK  |k ICR